| 000 | 004820000a22001690004500 | ||
|---|---|---|---|
| 041 | 0 | _aSPA | |
| 082 | 0 | 4 | _aG 262.1 B4331t |
| 100 | 1 | _aBell, A. Donald | |
| 245 | 1 | 0 | _aTrabajando juntos en armonía / A. Donald Bell; Ana María Swenson, Traductor |
| 260 | _aEl Paso, TX., USA : Casa Bautista de Publicaciones | ||
| 300 | _a111 Pag | ||
| 001 | 7040 | ||
| 942 | _cBK | ||
| 999 |
_c37275 _d37275 |
||
| 336 |
_atexto _btxt _2rdacontent |
||
| 337 |
_2rdamedia _asin mediación _bn |
||
| 338 |
_2rdacarrier _avolumen _bnc |
||